Les films sur la royauté - Statistiques

Statistiques générales
  • Ce quiz a été pris 93 fois
  • Le résultat moyen est 6 sur 16
Statistiques - réponses
Par images Réponse % Correct
Marie-Antoinette
74%
Le Discours d'un roi
73%
Le Roi
68%
Kaamelott
67%
Les Trois Mousquetaires
65%
La Reine Margot
44%
Le Roi et l'Oiseau
41%
Princesse malgré elle
34%
Deux sœurs pour un roi
30%
La Favorite
30%
Jeanne du Barry
26%
The Queen
24%
Spencer
16%
The Duchess
16%
Royal Affair
10%
La Dernière Reine
2%
Aucun quiz correspondant
Distribution des résultats
% des personnes avec chaque résultat
Percentile par nombre de réponses
Votre historique - résultats
Vous n’avez pas pris ce quiz